Sławne piosenki z lat 70, 80 i 90 cz. 2 - Statystyki

Ogólne statystyki
  • Ten quiz został rozwiązany 118 razy
  • Średni wynik to 12 z 30
Statystyki odpowiedzi
Piosenka Wykonawca % Poprawnych
Dancing queen ABBA
89%
We will rock you Queen
85%
Highway to hell AC/DC
82%
Take on me A-Ha
74%
Baby one more time Britney Spears
71%
Brother Louie Modern Talking
68%
I will always love you Whitney Houston
65%
Let it be The Beatles
61%
Forever young Alphaville
55%
Eye of the tiger Survivor
49%
Believe Cher
48%
Holding out for a hero Bonnie Tyler
47%
Everybody Backstreet Boys
46%
Boys (summertime love) Sabrina
40%
It must have been love Roxette
39%
In the army now Status Quo
36%
All that she wants Ace Of Base
35%
Sing hallelujah! Dr. Alban
32%
Blue (da ba dee) Eiffel 65
31%
Around the world (la la la la la) ATC
20%
Touch by Touch Joy
20%
The rhythm of the night Corona
19%
Tainted Love Soft Cell
18%
Nothing's gonna stop us now Starship
18%
Maniac Michael Sembello
14%
Eins Zwei Polizei Mo-Do
14%
Mr. Vain Culture Beat
13%
I'm so excited The Pointer Sisters
11%
It's raining men The Weather Girls
9%
Axel F Harold Faltermeyer
8%
Nie znaleziono quizów pasujących do podanych kryteriów
Rozkład punktacji
Procent ludzi z każdym wynikiem
Percentyl według liczby udzielonych odpowiedzi
Twoja historia wyników
Nie rozwiązałeś tego quizu